000 00646nam a2200229Ia 4500
003 OSt
005 20220928130708.0
006 a|||||r|||| 00| 0
007 ta
008 220927b |||||||| |||| 00| 0 eng d
024 _a33366
037 _cReference Collections
040 _aSDCL
_cSDCL
_beng
041 _2eng
_aeng
082 _aV1:9k, P0 RR
100 _aRose Richard Ed.
_9408085
245 0 _aInternational encyclopedia of elections.
260 _aLondon
_bMacMillan
_c2000
300 _axxii,392p
_ccm.
942 _hV1:9k, P0 RR
_cREF
_2CC
999 _c788125
_d788125